[Event "XtraCon-Skakligaen"]
[Site "Denmark"]
[Date "2012.12.02"]
[Round "3.1"]
[White "Sorensen, Jan"]
[Black "Hector, Jonny"]
[Result "0-1"]
[WhiteElo "2429"]
[BlackElo "2539"]
[PlyCount "242"]
[EventDate "2012.10.27"]
[EventType "team-tourn"]
[EventRounds "9"]
[WhiteTeam "Aarhus/Skolerne"]
[BlackTeam "Nordkalotten"]
[WhiteTeamCountry "DEN"]
[BlackTeamCountry "DEN"]

1. e4 e5 2. Bc4 Nf6 3. d3 c6 4. Nf3 d5 5. Bb3 a5 6. a4 Bb4+ 7. c3 Bd6 8. Bg5
Be6 9. Nbd2 Nbd7 10. O-O h6 11. Bxf6 Qxf6 12. d4 exd4 13. cxd4 Bb4 14. e5 Qf4
15. Bc2 h5 16. Qe2 h4 17. Qe3 Qh6 18. Nb3 Be7 19. Qc3 h3 20. g3 Bg4 21. Qd3 Qh5
22. Bd1 Bf5 23. Qe3 Qh6 24. Qxh6 Rxh6 25. Ne1 Ra6 26. g4 Bh7 27. f4 Be4 28. Rc1
Rb6 29. Nf3 Rb4 30. Nxa5 Rxb2 31. Rf2 Rb4 32. Nb3 Rxa4 33. Nfd2 Bd3 34. Rf3 Ba6
35. Ra1 Rxa1 36. Nxa1 c5 37. dxc5 Nxc5 38. Nab3 Ne4 39. Nxe4 dxe4 40. Rc3 Bd8
41. Kf2 Bd3 42. Nc1 Bb6+ 43. Kg3 Ba5 44. g5 Re6 45. Rb3 Ba6 46. Be2 Bd2 47.
Bxa6 bxa6 48. Ne2 Rc6 49. Rb7 a5 50. Nd4 Ra6 51. Nb5 Kd8 52. Rxf7 a4 53. Rxg7
a3 54. e6 Rxe6 55. Nxa3 e3 56. Nc2 e2 57. Kf3 e1=Q 58. Nxe1 Rxe1 59. Kg4 Rg1+
60. Kxh3 Bxf4 61. g6 Be5 62. Rf7 Rxg6 63. Rf2 Ke7 64. Kh4 Bf6+ 65. Kh3 Ke6 66.
Rg2 Rh6+ 67. Kg4 Rh4+ 68. Kg3 Ra4 69. Re2+ Be5+ 70. Kg2 Kf5 71. Rf2+ Bf4 72.
Rb2 Ra8 73. Re2 Rh8 74. Kg1 Kg4 75. Rg2+ Kh3 76. Rf2 Rg8+ 77. Kh1 Ra8 78. Rg2
Ra5 79. Rg1 Bxh2 80. Rb1 Bf4 81. Rf1 Bg3 82. Rd1 Ra2 83. Kg1 Rc2 84. Kf1 Kg4
85. Rd3 Bf4 86. Kg1 Kf5 87. Kf1 Ke4 88. Rd1 Be3 89. Rd8 Kf3 90. Rf8+ Bf4 91.
Re8 Rc1+ 92. Re1 Rc8 93. Re2 Rc1+ 94. Re1 Rc2 95. Re8 Rh2 96. Rg8 Rf2+ 97. Ke1
Rc2 98. Rd8 Rc1+ 99. Rd1 Rc8 100. Rd7 Rh8 101. Kd1 Rh2 102. Rd8 Ke4 103. Re8+
Be5 104. Ke1 Kf4 105. Kd1 Bd4 106. Re2 Rh3 107. Kd2 Ra3 108. Re8 Be5 109. Ke2
Ke4 110. Rd8 Ra6 111. Rd7 Rg6 112. Rf7 Bf6 113. Rf8 Rh6 114. Re8+ Be5 115. Rf8
Rh7 116. Kf2 Rh2+ 117. Kf1 Bf4 118. Ke1 Kf3 119. Kd1 Rd2+ 120. Ke1 Rd7 121. Rf6
Rc7 0-1

[Event "XtraCon-Skakligaen"]
[Site "Denmark"]
[Date "2012.12.02"]
[Round "3.2"]
[White "Brynell, Stellan"]
[Black "Skytte, Rasmus"]
[Result "1/2-1/2"]
[WhiteElo "2500"]
[BlackElo "2406"]
[PlyCount "73"]
[EventDate "2012.10.27"]
[EventType "team-tourn"]
[EventRounds "9"]
[WhiteTeam "Nordkalotten"]
[BlackTeam "Aarhus/Skolerne"]
[WhiteTeamCountry "DEN"]
[BlackTeamCountry "DEN"]

1. d4 g6 2. g3 Bg7 3. Bg2 d5 4. Nf3 e6 5. O-O Ne7 6. c4 Nbc6 7. e3 O-O 8. Nc3
b6 9. Nd2 a5 10. Qb3 dxc4 11. Nxc4 Ba6 12. Rd1 Nd5 13. a3 Rb8 14. Nd2 Nde7 15.
Nf3 Qd6 16. Bd2 e5 17. Ne4 Qd5 18. Qxd5 Nxd5 19. Rac1 Bb7 20. Nc3 Nxc3 21. Bxc3
exd4 22. Nxd4 Nxd4 23. Bxd4 Bxg2 24. Kxg2 c5 25. Bxg7 Kxg7 26. Rd6 Rfd8 27.
Rcd1 Rxd6 28. Rxd6 Kf8 29. Rd7 Rc8 30. Rb7 Rc6 31. f4 c4 32. a4 c3 33. bxc3
Rxc3 34. Rxb6 Rc4 35. Ra6 Rxa4 36. e4 Rxe4 37. Rxa5 1/2-1/2

[Event "XtraCon-Skakligaen"]
[Site "Denmark"]
[Date "2012.12.02"]
[Round "3.3"]
[White "Christensen, Tobias"]
[Black "Kristensen, Kaare Hove"]
[Result "1/2-1/2"]
[WhiteElo "2362"]
[BlackElo "2336"]
[PlyCount "113"]
[EventDate "2012.10.27"]
[EventType "team-tourn"]
[EventRounds "9"]
[WhiteTeam "Aarhus/Skolerne"]
[BlackTeam "Nordkalotten"]
[WhiteTeamCountry "DEN"]
[BlackTeamCountry "DEN"]

1. d4 d5 2. Nf3 Nf6 3. c4 c6 4. cxd5 cxd5 5. Nc3 Nc6 6. Bf4 Bf5 7. Qb3 Na5 8.
Qa4+ Bd7 9. Qc2 Rc8 10. e3 Ne4 11. Bd3 Nxc3 12. bxc3 h6 13. Ne5 Nc6 14. Rb1
Nxe5 15. Bxe5 Bc6 16. O-O e6 17. Qe2 Bd6 18. f4 O-O 19. Bxd6 Qxd6 20. f5 e5 21.
f6 g6 22. Qf2 e4 23. Be2 b6 24. Ba6 Rc7 25. Qf4 Qxf4 26. Rxf4 Ba4 27. Rb4 Bc2
28. Rf1 Bd3 29. Bxd3 exd3 30. Rb3 Rfc8 31. Rc1 d2 32. Rd1 Rxc3 33. Rxd2 Rxb3
34. axb3 Rc3 35. b4 Rxe3 36. Ra2 Rb3 37. Rxa7 Rxb4 38. h4 Rxd4 39. Ra8+ Kh7 40.
Rf8 Rxh4 41. Rxf7+ Kg8 42. Rb7 Rb4 43. Rg7+ Kf8 44. Rxg6 b5 45. Rxh6 Kf7 46.
Kf2 Rc4 47. Kf3 Rc6 48. Rh7+ Kg6 49. Rb7 Rxf6+ 50. Ke3 Rf5 51. Kd4 b4 52. Rxb4
Rf4+ 53. Kc5 Rxb4 54. Kxb4 Kf5 55. g4+ Kxg4 56. Kc5 Kf4 57. Kxd5 1/2-1/2

[Event "XtraCon-Skakligaen"]
[Site "Denmark"]
[Date "2012.12.02"]
[Round "3.4"]
[White "Sylvan, Jacob"]
[Black "Pedersen, Finn"]
[Result "1/2-1/2"]
[WhiteElo "2313"]
[BlackElo "2291"]
[PlyCount "37"]
[EventDate "2012.10.27"]
[EventType "team-tourn"]
[EventRounds "9"]
[WhiteTeam "Nordkalotten"]
[BlackTeam "Aarhus/Skolerne"]
[WhiteTeamCountry "DEN"]
[BlackTeamCountry "DEN"]

1. d4 d5 2. c4 c6 3. Nf3 Nf6 4. e3 Bf5 5. Be2 e6 6. O-O Bd6 7. Nc3 Nbd7 8. b3
O-O 9. Bb2 Ne4 10. Nxe4 Bxe4 11. Nd2 Bg6 12. Bf3 f5 13. g3 Nf6 14. Bg2 Bh5 15.
Qc1 Qe7 16. Re1 g5 17. f4 h6 18. a4 a5 19. Ba3 1/2-1/2

[Event "XtraCon-Skakligaen"]
[Site "Denmark"]
[Date "2012.12.02"]
[Round "3.5"]
[White "Gasik, Anna"]
[Black "Hove, Esben Kjems"]
[Result "1-0"]
[WhiteElo "2235"]
[BlackElo "2267"]
[PlyCount "97"]
[EventDate "2012.10.27"]
[EventType "team-tourn"]
[EventRounds "9"]
[WhiteTeam "Aarhus/Skolerne"]
[BlackTeam "Nordkalotten"]
[WhiteTeamCountry "DEN"]
[BlackTeamCountry "DEN"]

1. e4 c6 2. d4 d5 3. e5 Bf5 4. Nd2 e6 5. Nb3 Nd7 6. Nf3 h6 7. Be2 Ne7 8. O-O
Qc7 9. Re1 Bh7 10. a4 g5 11. a5 Ng6 12. Be3 Be7 13. Nfd2 O-O 14. Nf1 c5 15. c3
c4 16. Nbd2 b5 17. Ng3 b4 18. Nh5 Rab8 19. Bg4 Rb5 20. f4 bxc3 21. bxc3 Rxa5
22. fxg5 hxg5 23. Nf3 Rxa1 24. Qxa1 Rb8 25. Nxg5 Qb6 26. Qa4 Bxg5 27. Bxg5
Ngxe5 28. Bd1 Qc6 29. dxe5 Qxa4 30. Bxa4 Nc5 31. Ra1 Bd3 32. Nf6+ Kg7 33. Nd7
Nxd7 34. Bxd7 Rb7 35. Ba4 Rb2 36. Bd1 a5 37. Bc1 Rb8 38. Kf2 Kg6 39. g4 f6 40.
exf6 Kxf6 41. g5+ Kf5 42. Kg3 e5 43. Bg4+ Kg6 44. Rxa5 Rb1 45. Be3 Be4 46. h4
Rb3 47. h5+ Kg7 48. Ra7+ Kg8 49. Be6+ 1-0

[Event "XtraCon-Skakligaen"]
[Site "Denmark"]
[Date "2012.12.02"]
[Round "3.6"]
[White "Nielsen, Lars Aaes"]
[Black "Ochsner, Thomas"]
[Result "1/2-1/2"]
[WhiteElo "2260"]
[BlackElo "2317"]
[PlyCount "85"]
[EventDate "2012.10.27"]
[EventType "team-tourn"]
[EventRounds "9"]
[WhiteTeam "Nordkalotten"]
[BlackTeam "Aarhus/Skolerne"]
[WhiteTeamCountry "DEN"]
[BlackTeamCountry "DEN"]

1. e4 e5 2. Nf3 Nc6 3. Bb5 Nf6 4. O-O Bc5 5. Bxc6 dxc6 6. Nxe5 Nxe4 7. Qe2 Qd5
8. Nd3 O-O 9. Nxc5 Nxc5 10. Nc3 Qe6 11. d3 Qxe2 12. Nxe2 Re8 13. Be3 Bg4 14.
Ng3 Na4 15. h3 Be6 16. Ne4 Bd5 17. Nc3 Nb6 18. Rfe1 Be6 19. a4 a5 20. Bf4 Nd5
21. Nxd5 cxd5 22. Bxc7 Rec8 23. Be5 Rxc2 24. Rac1 Rac8 25. Rxc2 Rxc2 26. Bc3 h6
27. g4 Kf8 28. Rb1 Bd7 29. Bxa5 Bxa4 30. Bb4+ Kg8 31. d4 h5 32. gxh5 Bd7 33.
Bc3 Bxh3 34. Ra1 Bg4 35. Ra8+ Kh7 36. Rb8 Bxh5 37. Rxb7 Kg6 38. Kg2 Kf5 39. Re7
Kf4 40. Re3 Bg6 41. Rf3+ Kg4 42. Rg3+ Kf4 43. Rf3+ 1/2-1/2

[Event "XtraCon-Skakligaen"]
[Site "Denmark"]
[Date "2012.12.02"]
[Round "3.7"]
[White "Rendboe, John Filip"]
[Black "Pedersen, Daniel V"]
[Result "1-0"]
[WhiteElo "2233"]
[BlackElo "2274"]
[PlyCount "97"]
[EventDate "2012.10.27"]
[EventType "team-tourn"]
[EventRounds "9"]
[WhiteTeam "Aarhus/Skolerne"]
[BlackTeam "Nordkalotten"]
[WhiteTeamCountry "DEN"]
[BlackTeamCountry "DEN"]

1. d4 d5 2. c4 c6 3. Nf3 Nf6 4. Nc3 e6 5. cxd5 exd5 6. Qc2 g6 7. Bg5 Bg7 8. e3
Bf5 9. Bd3 Bxd3 10. Qxd3 Nbd7 11. O-O Qa5 12. b4 Qxb4 13. Rab1 Qa3 14. Rxb7 O-O
15. Rb3 Qa5 16. Rfb1 Rab8 17. Bf4 Rxb3 18. Rxb3 Re8 19. h3 Ne4 20. Qc2 Nxc3 21.
Rxc3 c5 22. Rb3 c4 23. Rb7 Nf6 24. Ng5 Rc8 25. Nxf7 Qe1+ 26. Kh2 c3 27. Nd6 Qd2
28. Rb2 Qxc2 29. Rxc2 Rc6 30. Nb5 Ne4 31. f3 g5 32. Bg3 Nd2 33. Kg1 Nb1 34. Be1
Bf8 35. Nxa7 Rb6 36. Bxc3 Na3 37. Rb2 Ra6 38. Nb5 Rc6 39. Be1 Rb6 40. Bb4 Nc4
41. Bc5 Bxc5 42. dxc5 Rc6 43. Nd4 Rxc5 44. Rc2 Kf7 45. Kf2 Ke7 46. e4 Kd6 47.
Nf5+ Ke5 48. Ne3 Kd4 49. exd5 1-0

[Event "XtraCon-Skakligaen"]
[Site "Denmark"]
[Date "2012.12.02"]
[Round "3.8"]
[White "Jakobsen, Peter"]
[Black "Hagen, Kresten Skytte"]
[Result "1-0"]
[WhiteElo "2255"]
[BlackElo "2186"]
[PlyCount "51"]
[EventDate "2012.10.27"]
[EventType "team-tourn"]
[EventRounds "9"]
[WhiteTeam "Nordkalotten"]
[BlackTeam "Aarhus/Skolerne"]
[WhiteTeamCountry "DEN"]
[BlackTeamCountry "DEN"]

1. d4 Nf6 2. c4 e6 3. Nf3 c5 4. d5 exd5 5. cxd5 d6 6. Nc3 g6 7. h3 Bg7 8. e4
O-O 9. Bd3 a6 10. a4 Re8 11. O-O Nbd7 12. Bf4 Nh5 13. Bxd6 Qb6 14. e5 Nxe5 15.
Bxe5 Bxe5 16. Re1 Qc7 17. d6 Qxd6 18. Bc4 Qc7 19. Qd5 Nf6 20. Rxe5 Nxd5 21.
Rxe8+ Kg7 22. Nxd5 Qc6 23. Rg8+ Kh6 24. Ne5 Qe6 25. Ng4+ Kg5 26. g3 1-0

[Event "XtraCon-Skakligaen"]
[Site "Denmark"]
[Date "2012.12.02"]
[Round "3.1"]
[White "Hagen, Andreas Skytte"]
[Black "Hansen, Mads Smith"]
[Result "1/2-1/2"]
[WhiteElo "2416"]
[BlackElo "2364"]
[PlyCount "81"]
[EventDate "2012.10.27"]
[EventType "team-tourn"]
[EventRounds "9"]
[WhiteTeam "K41"]
[BlackTeam "Obro"]
[WhiteTeamCountry "DEN"]
[BlackTeamCountry "DEN"]

1. c4 b6 2. Nc3 Bb7 3. e4 e6 4. Nge2 Nf6 5. d3 c5 6. g3 d5 7. exd5 exd5 8. Bg2
Qd7 9. Nf4 dxc4 10. Qe2+ Be7 11. dxc4 Bxg2 12. Nxg2 Nc6 13. Be3 Nd4 14. Bxd4
cxd4 15. Rd1 Qb7 16. Nd5 Nxd5 17. cxd5 Qxd5 18. O-O Rd8 19. Rfe1 Rd7 20. Nf4
Qd6 21. Nd3 O-O 22. Ne5 Rc7 23. Qe4 Bf6 24. Rxd4 Qe7 25. Rd5 Bxe5 26. Rxe5 Qd6
27. Re8 g6 28. h4 h5 29. Qa8 Kg7 30. Rxf8 Qxf8 31. Re8 Rc1+ 32. Kg2 Qc5 33.
Rg8+ Kh7 34. Rh8+ Kg7 35. Qg8+ Kf6 36. Qd8+ Kg7 37. Rg8+ Kh7 38. Rh8+ Kg7 39.
Qg8+ Kf6 40. Qd8+ Kg7 41. Rg8+ 1/2-1/2

[Event "XtraCon-Skakligaen"]
[Site "Denmark"]
[Date "2012.12.02"]
[Round "3.2"]
[White "Skousen, Nikolai"]
[Black "Nilssen, John Arni"]
[Result "0-1"]
[WhiteElo "2198"]
[BlackElo "2364"]
[PlyCount "48"]
[EventDate "2012.10.27"]
[EventType "team-tourn"]
[EventRounds "9"]
[WhiteTeam "Obro"]
[BlackTeam "K41"]
[WhiteTeamCountry "DEN"]
[BlackTeamCountry "DEN"]

1. c4 e6 2. g3 Nf6 3. Bg2 c5 4. Nf3 a6 5. O-O Qc7 6. b3 b6 7. Bb2 Be7 8. d4
cxd4 9. Nxd4 Bb7 10. Nc3 Bxg2 11. Kxg2 Qb7+ 12. f3 h5 13. e4 d6 14. a4 Nbd7 15.
Qe2 O-O 16. Bc1 Rfe8 17. Bg5 Rac8 18. Rfc1 Rc5 19. h4 Qc8 20. Nd1 Ne5 21. Nf2
Rc7 22. a5 bxa5 23. Rxa5 Qb7 24. Nd3 Qb6 0-1

[Event "XtraCon-Skakligaen"]
[Site "Denmark"]
[Date "2012.12.02"]
[Round "3.3"]
[White "Brinck Claussen, Bjorn"]
[Black "Jorgensen, Dennis"]
[Result "1-0"]
[WhiteElo "2260"]
[BlackElo "2207"]
[PlyCount "83"]
[EventDate "2012.10.27"]
[EventType "team-tourn"]
[EventRounds "9"]
[WhiteTeam "K41"]
[BlackTeam "Obro"]
[WhiteTeamCountry "DEN"]
[BlackTeamCountry "DEN"]

1. e4 c6 2. d4 d5 3. exd5 cxd5 4. c4 Nf6 5. Nc3 e6 6. Nf3 Bb4 7. Bd3 dxc4 8.
Bxc4 O-O 9. O-O b6 10. Bg5 Bb7 11. Qd3 Nbd7 12. Rad1 Bxc3 13. Qxc3 Qc7 14. Rc1
Rac8 15. Qa3 Qb8 16. Rfe1 h6 17. Bxf6 Nxf6 18. Ne5 Rc7 19. Rcd1 Nd5 20. Qg3 Qd8
21. h4 Qe7 22. Bd3 Rfc8 23. Bb1 Qf6 24. Qd3 g6 25. g3 h5 26. Qd2 Ne7 27. Rc1
Kg7 28. Rxc7 Rxc7 29. Rc1 Rxc1+ 30. Qxc1 Nf5 31. Qf4 Qd8 32. Bxf5 exf5 33. Nc4
Kh7 34. Nd6 Bc6 35. Nxf7 Qd5 36. Ng5+ Kh6 37. f3 Kg7 38. Qc7+ Kf6 39. Kg2 Bd7
40. Qd8+ Kg7 41. Qe7+ Kg8 42. Nh7 1-0

[Event "XtraCon-Skakligaen"]
[Site "Denmark"]
[Date "2012.12.02"]
[Round "3.4"]
[White "Kaaber Hansen, Jacob"]
[Black "Naes, Flovin Tor"]
[Result "1-0"]
[WhiteElo "2257"]
[BlackElo "2271"]
[PlyCount "75"]
[EventDate "2012.10.27"]
[EventType "team-tourn"]
[EventRounds "9"]
[WhiteTeam "Obro"]
[BlackTeam "K41"]
[WhiteTeamCountry "DEN"]
[BlackTeamCountry "DEN"]

1. e4 e5 2. Nf3 Nc6 3. Bb5 Nf6 4. O-O Nxe4 5. d4 Nd6 6. Bxc6 dxc6 7. dxe5 Nf5
8. Qxd8+ Kxd8 9. Nc3 Ke8 10. h3 Ne7 11. Rd1 Ng6 12. Be3 a5 13. Ne2 a4 14. Ned4
a3 15. b3 Be7 16. Rd2 Ra5 17. c4 h5 18. Re2 h4 19. Bd2 Ra8 20. e6 Rh5 21. Rae1
fxe6 22. Nxe6 Kf7 23. Nfg5+ Bxg5 24. Nxg5+ Kf6 25. Re8 Rxg5 26. Bxg5+ Kxg5 27.
g3 b6 28. f4+ Kf6 29. f5 Kxf5 30. gxh4 c5 31. Rf1+ Nf4 32. Rf8+ Ke4 33. R1xf4+
Kd3 34. Rd8+ Kc3 35. Rf3+ Kb2 36. Rd2+ Kc1 37. Rg2 Bg4 38. hxg4 1-0

[Event "XtraCon-Skakligaen"]
[Site "Denmark"]
[Date "2012.12.02"]
[Round "3.5"]
[White "Laursen, Niels Norskov"]
[Black "Thestrup, Sixten"]
[Result "1-0"]
[WhiteElo "2261"]
[BlackElo "2072"]
[PlyCount "71"]
[EventDate "2012.10.27"]
[EventType "team-tourn"]
[EventRounds "9"]
[WhiteTeam "K41"]
[BlackTeam "Obro"]
[WhiteTeamCountry "DEN"]
[BlackTeamCountry "DEN"]

1. e4 d6 2. d4 Nf6 3. Nc3 c6 4. Nf3 Bg4 5. Be2 Nbd7 6. O-O e5 7. a4 a5 8. Be3
Be7 9. Nh4 Bxe2 10. Qxe2 O-O 11. Nf5 Re8 12. Rad1 Bf8 13. Qf3 g6 14. Nh6+ Kg7
15. h3 exd4 16. Rxd4 Ne5 17. Qg3 d5 18. exd5 Bc5 19. Rh4 Bxe3 20. fxe3 Nxd5 21.
Ne4 Nxe3 22. Qf4 Nxf1 23. Nf5+ gxf5 24. Qh6+ Kg8 25. Qxh7+ Kf8 26. Qh8+ Ke7 27.
Qxe5+ Kd7 28. Nf6+ Kc8 29. Nxe8 Ng3 30. Nd6+ Kd7 31. Rd4 c5 32. Nxf7+ cxd4 33.
Nxd8 f4 34. Nxb7 Re8 35. Nc5+ Kd8 36. Qd6+ 1-0

[Event "XtraCon-Skakligaen"]
[Site "Denmark"]
[Date "2012.12.02"]
[Round "3.6"]
[White "Simonsen, Carsten"]
[Black "Schmidt, Kristen"]
[Result "1/2-1/2"]
[WhiteElo "2187"]
[BlackElo "2264"]
[PlyCount "126"]
[EventDate "2012.10.27"]
[EventType "team-tourn"]
[EventRounds "9"]
[WhiteTeam "Obro"]
[BlackTeam "K41"]
[WhiteTeamCountry "DEN"]
[BlackTeamCountry "DEN"]

1. c4 e5 2. g3 Nf6 3. Bg2 d5 4. cxd5 Nxd5 5. Nc3 Nb6 6. Nf3 Nc6 7. O-O Be7 8.
a3 a5 9. d3 O-O 10. Be3 Be6 11. Na4 Nxa4 12. Qxa4 Bd5 13. Rac1 Re8 14. Bc5 Bf6
15. e4 Be6 16. Rfd1 Bg4 17. h3 Bxf3 18. Bxf3 Be7 19. Be3 Bg5 20. Rc5 Re6 21.
Rd5 Qf6 22. Kg2 Bxe3 23. fxe3 Qg5 24. Re1 Rg6 25. g4 h5 26. Qc2 hxg4 27. hxg4
Ne7 28. Rc5 Rf6 29. Qf2 Nc6 30. Rh1 Rh6 31. Rxh6 Qxh6 32. Rc1 Rd8 33. Be2 Rd6
34. Rh1 Qf6 35. Qg3 g5 36. Qh3 Ne7 37. Qh7+ Kf8 38. Rf1 Qg7 39. Qxg7+ Kxg7 40.
Rc1 Rc6 41. Rxc6 Nxc6 42. Kf2 Kf6 43. Ke1 Ke6 44. Kd2 Kd6 45. Kc3 Kc5 46. b4+
axb4+ 47. axb4+ Kd6 48. Kc4 Na7 49. Bd1 f6 50. Bb3 Nc8 51. Kb5 c6+ 52. Kc4 Ne7
53. Kc3 Ng6 54. d4 Nh4 55. Kd3 Kc7 56. Bd1 Kb6 57. Ba4 Kc7 58. Bd1 Ng6 59. Ba4
Ne7 60. Kc3 Nc8 61. Bc2 Nd6 62. Bd3 Kb6 63. Kb3 Kc7 1/2-1/2

[Event "XtraCon-Skakligaen"]
[Site "Denmark"]
[Date "2012.12.02"]
[Round "3.7"]
[White "Christensen, Bo Garner"]
[Black "Rhee, Alexander"]
[Result "1-0"]
[WhiteElo "2243"]
[BlackElo "2183"]
[PlyCount "59"]
[EventDate "2012.10.27"]
[EventType "team-tourn"]
[EventRounds "9"]
[WhiteTeam "K41"]
[BlackTeam "Obro"]
[WhiteTeamCountry "DEN"]
[BlackTeamCountry "DEN"]

1. d4 Nf6 2. Nf3 g6 3. c4 d5 4. cxd5 Bg7 5. Qa4+ Kf8 6. Nc3 Nxd5 7. e4 Nxc3 8.
bxc3 c5 9. Be2 Nc6 10. O-O cxd4 11. Rd1 Bd7 12. Rb1 Qc8 13. c4 Kg8 14. Qb3 Rb8
15. c5 e5 16. Ng5 Nd8 17. Bc4 Be8 18. f4 Qxc5 19. fxe5 h6 20. Nf3 Rc8 21. Bd5
Bf8 22. Nxd4 Nc6 23. Be3 Nxe5 24. Rbc1 Ng4 25. Rxc5 Bxc5 26. h3 Ba4 27. Qxb7
Rf8 28. Rf1 Nxe3 29. Rxf7 Nxd5 30. Rg7# 1-0

[Event "XtraCon-Skakligaen"]
[Site "Denmark"]
[Date "2012.12.02"]
[Round "3.8"]
[White "Vej, Jesper"]
[Black "Hartung Nielsen, Jens"]
[Result "1-0"]
[WhiteElo "2103"]
[BlackElo "2241"]
[PlyCount "59"]
[EventDate "2012.10.27"]
[EventType "team-tourn"]
[EventRounds "9"]
[WhiteTeam "Obro"]
[BlackTeam "K41"]
[WhiteTeamCountry "DEN"]
[BlackTeamCountry "DEN"]

1. f4 d5 2. Nf3 Nf6 3. e3 Bg4 4. b3 Nbd7 5. Bb2 c6 6. c4 e6 7. Be2 Bxf3 8. Bxf3
Qb6 9. cxd5 exd5 10. Nc3 Nc5 11. O-O Bd6 12. Kh1 O-O-O 13. Rb1 Qc7 14. b4 Nd3
15. b5 d4 16. bxc6 dxc3 17. cxb7+ Kb8 18. Bxc3 Bc5 19. Qa4 Nd7 20. Qc2 Nb6 21.
a4 Rd6 22. a5 Nc4 23. Qa2 Bxe3 24. dxe3 Nxe3 25. Rfc1 Nxc1 26. Rxc1 Rhd8 27.
Qb1 Nd1 28. Be5 Nf2+ 29. Kg1 Rd1+ 30. Bxd1 1-0

[Event "XtraCon-Skakligaen"]
[Site "Denmark"]
[Date "2012.12.02"]
[Round "3.1"]
[White "Kristiansen, Jens"]
[Black "Hoi, Carsten"]
[Result "1-0"]
[WhiteElo "2419"]
[BlackElo "2370"]
[PlyCount "131"]
[EventDate "2012.10.27"]
[EventType "team-tourn"]
[EventRounds "9"]
[WhiteTeam "BMSSkak"]
[BlackTeam "Bronshoj"]
[WhiteTeamCountry "DEN"]
[BlackTeamCountry "DEN"]

1. d4 Nf6 2. Nf3 d5 3. c4 dxc4 4. Nc3 Bg4 5. Ne5 Bh5 6. g3 c6 7. Bg2 e6 8. O-O
Be7 9. Nxc4 Nbd7 10. Qb3 Nb6 11. Na5 Qd7 12. Bg5 O-O 13. e3 Rab8 14. Rac1 h6
15. Bxf6 gxf6 16. Na4 Nd5 17. e4 Nc7 18. Qe3 Kg7 19. Nc5 Bxc5 20. Rxc5 Bg6 21.
Nb3 Rbd8 22. Rfc1 Rfe8 23. a4 Na6 24. R5c4 Qe7 25. Nc5 Nxc5 26. Rxc5 Qd6 27.
R5c4 Qc7 28. b4 Qd7 29. Rd1 a6 30. Bf3 Qe7 31. Qc3 Kh7 32. h4 h5 33. b5 axb5
34. axb5 cxb5 35. Rc5 e5 36. d5 Qd7 37. Rc1 Qd6 38. Rxb5 Qd7 39. Qb4 Re7 40.
Rb6 Kg7 41. Be2 Ra8 42. Bb5 Qd8 43. Bd3 Ra4 44. Qxa4 Qxb6 45. Qc4 Rd7 46. Qc5
Qxc5 47. Rxc5 Kf8 48. f3 Ke7 49. Kf2 Kd6 50. Rc8 Rc7 51. Rxc7 Kxc7 52. Ke3 Kd6
53. Kd2 f5 54. exf5 Bh7 55. Be4 f6 56. g4 Bg8 57. gxh5 Bh7 58. Kc3 Kc5 59. h6
b5 60. h5 b4+ 61. Kb3 Bg8 62. Ka4 Bh7 63. d6 Kxd6 64. Kxb4 Ke7 65. Bd5 Bxf5 66.
Be4 1-0

[Event "XtraCon-Skakligaen"]
[Site "Denmark"]
[Date "2012.12.02"]
[Round "3.2"]
[White "Bromann, Thorbjorn"]
[Black "Rostgaard, Tobias Valentin"]
[Result "1/2-1/2"]
[WhiteElo "2378"]
[BlackElo "2229"]
[PlyCount "72"]
[EventDate "2012.10.27"]
[EventType "team-tourn"]
[EventRounds "9"]
[WhiteTeam "Bronshoj"]
[BlackTeam "BMSSkak"]
[WhiteTeamCountry "DEN"]
[BlackTeamCountry "DEN"]

1. d4 d5 2. Nc3 Nf6 3. Bg5 c6 4. Qd2 Nbd7 5. f3 e6 6. e4 dxe4 7. fxe4 Qa5 8. e5
Nd5 9. Nxd5 Qxd2+ 10. Kxd2 exd5 11. Bd3 Nb6 12. b3 Be6 13. Ne2 c5 14. c3 Rc8
15. Rhf1 a6 16. Nf4 cxd4 17. cxd4 Bb4+ 18. Ke3 O-O 19. a3 Bc3 20. Nxe6 fxe6 21.
Rxf8+ Kxf8 22. Rf1+ Kg8 23. Be7 Nd7 24. Be2 Re8 25. Bd6 Ba5 26. Rc1 Bb6 27. Bd1
Nb8 28. b4 Nc6 29. Bc5 Bxc5 30. Rxc5 Kf7 31. Bc2 Rc8 32. h4 Ne7 33. Bxh7 g6 34.
h5 gxh5 35. Rxc8 Nxc8 36. Kf4 Ne7 1/2-1/2

[Event "XtraCon-Skakligaen"]
[Site "Denmark"]
[Date "2012.12.02"]
[Round "3.3"]
[White "Nielsen, Thomas Bach"]
[Black "Carstensen, Jacob"]
[Result "0-1"]
[WhiteElo "2188"]
[BlackElo "2362"]
[PlyCount "102"]
[EventDate "2012.10.27"]
[EventType "team-tourn"]
[EventRounds "9"]
[WhiteTeam "BMSSkak"]
[BlackTeam "Bronshoj"]
[WhiteTeamCountry "DEN"]
[BlackTeamCountry "DEN"]

1. d4 Nf6 2. c4 c5 3. d5 b5 4. Nf3 Bb7 5. a4 Qa5+ 6. Bd2 b4 7. g3 e6 8. dxe6
dxe6 9. Bg2 Be7 10. O-O O-O 11. Ne5 Bxg2 12. Kxg2 Qc7 13. Nd3 Nc6 14. Be3 Rad8
15. Nd2 Nd7 16. Nb3 e5 17. Qc2 Na5 18. Nxa5 Qxa5 19. Rad1 Qc7 20. Rd2 f5 21. f3
f4 22. Bg1 fxg3 23. hxg3 Bg5 24. Rdd1 e4 25. Nf2 exf3+ 26. exf3 Be3 27. Ne4
Bxg1 28. Rxg1 Ne5 29. Ng5 g6 30. Qe4 Rfe8 31. Rge1 Rxd1 32. Rxd1 Qe7 33. f4 Ng4
34. Qxe7 Rxe7 35. Kf3 Nh2+ 36. Kf2 h6 37. Nf3 Ng4+ 38. Kg1 Re3 39. Rd8+ Kf7 40.
Kg2 Rb3 41. Rd7+ Ke6 42. Rxa7 Ne3+ 43. Kf2 Nxc4 44. Ra6+ Kd5 45. Rxg6 Rxb2+ 46.
Ke1 Ke4 47. Nh4 b3 48. Re6+ Kd5 49. f5 Rb1+ 50. Ke2 b2 51. Ng2 Re1+ 0-1

[Event "XtraCon-Skakligaen"]
[Site "Denmark"]
[Date "2012.12.02"]
[Round "3.4"]
[White "Greger, Roland Reinhard"]
[Black "Haubro, Martin"]
[Result "0-1"]
[WhiteElo "2364"]
[BlackElo "2151"]
[PlyCount "92"]
[EventDate "2012.10.27"]
[EventType "team-tourn"]
[EventRounds "9"]
[WhiteTeam "Bronshoj"]
[BlackTeam "BMSSkak"]
[WhiteTeamCountry "DEN"]
[BlackTeamCountry "DEN"]

1. e4 c5 2. Nf3 d6 3. d4 cxd4 4. Nxd4 Nf6 5. Nc3 a6 6. Bg5 Nbd7 7. f4 Qc7 8.
Qf3 h6 9. Bh4 g5 10. fxg5 hxg5 11. Bxg5 Qc5 12. Nf5 e6 13. Bxf6 Nxf6 14. Ng3
Qg5 15. Bd3 Ng4 16. h3 Ne5 17. Qf2 Bd7 18. Nce2 Bh6 19. Rd1 O-O-O 20. Qb6 Bc6
21. Rf1 Rhg8 22. Rf4 Qe7 23. Rf2 Qh4 24. Bxa6 Rxg3 25. Nxg3 Qxg3 26. Rd3 Nxd3+
27. cxd3 Qe3+ 28. Qxe3 Bxe3 29. Re2 Bd4 30. Bc4 Rh8 31. Kd1 Kd7 32. b4 b5 33.
Bb3 Rg8 34. g4 Rh8 35. Rh2 Be5 36. Rh1 f5 37. gxf5 exf5 38. Rf1 fxe4 39. dxe4
Bxe4 40. Rf7+ Ke8 41. Ra7 Rxh3 42. Be6 Rh2 43. Bd7+ Kd8 44. Bxb5 Bf3+ 45. Ke1
Bg3+ 46. Kf1 Rh1# 0-1

[Event "XtraCon-Skakligaen"]
[Site "Denmark"]
[Date "2012.12.02"]
[Round "3.5"]
[White "Pedersen, Sven"]
[Black "Aabling Thomsen, Jakob"]
[Result "0-1"]
[WhiteElo "2114"]
[BlackElo "2341"]
[PlyCount "92"]
[EventDate "2012.10.27"]
[EventType "team-tourn"]
[EventRounds "9"]
[WhiteTeam "BMSSkak"]
[BlackTeam "Bronshoj"]
[WhiteTeamCountry "DEN"]
[BlackTeamCountry "DEN"]

1. e4 d6 2. d4 Nf6 3. Nc3 g6 4. Nf3 Bg7 5. h3 O-O 6. Bg5 a6 7. Bd3 c5 8. dxc5
dxc5 9. O-O Nc6 10. Re1 Be6 11. Qe2 b5 12. Qe3 Nd4 13. e5 Nd7 14. Nxd4 cxd4 15.
Qxd4 Nxe5 16. Qxd8 Rfxd8 17. Be4 Ra7 18. Rad1 Rc8 19. Nd5 Bxd5 20. Rxd5 Nc4 21.
Red1 Bxb2 22. Rd8+ Rxd8 23. Rxd8+ Kg7 24. Bd5 Nd6 25. Be3 Rc7 26. Bb3 Nf5 27.
Bb6 Rc6 28. Ba7 Be5 29. Kf1 e6 30. Ke2 Kf6 31. g4 Nd6 32. Be3 Ne4 33. Rd7 a5
34. g5+ Nxg5 35. f4 Bxf4 36. Bxf4 a4 37. Bxg5+ Kxg5 38. Rxf7 axb3 39. cxb3 h5
40. Kd3 Kh4 41. Rb7 Rc5 42. Rb6 Kxh3 43. Rxe6 g5 44. b4 Rf5 45. Rc6 h4 46. Rc5
Kg4 0-1